000 00167nam a2200085 4500
001 1256022
005 20251218101611.0
245 _asdASDasdASD
_casdASD
260 _basdASD
999 _c1256022
_d1256022